Fundamental of Analytical Chemistry (Record no. 8982)
[ view plain ]
| 000 -LEADER | |
|---|---|
| fixed length control field | 00376nam a22001457a 4500 |
| 003 - CONTROL NUMBER IDENTIFIER | |
| control field | OSt |
| 008 - FIXED-LENGTH DATA ELEMENTS--GENERAL INFORMATION | |
| fixed length control field | 200714b ||||| |||| 00| 0 eng d |
| 100 ## - MAIN ENTRY--PERSONAL NAME | |
| Personal name | Srivastava , B.B.L |
| 245 ## - TITLE STATEMENT | |
| Title | Fundamental of Analytical Chemistry |
| 250 ## - EDITION STATEMENT | |
| Edition statement | 2019 |
| 260 ## - PUBLICATION, DISTRIBUTION, ETC. (IMPRINT) | |
| Place of publication, distribution, etc | New Delhi |
| Name of publisher, distributor, etc | IP Innovative |
| 300 ## - PHYSICAL DESCRIPTION | |
| Extent | 91 |
| 650 ## - SUBJECT ADDED ENTRY--TOPICAL TERM | |
| Topical term or geographic name as entry element | Pharmaceutical Analysis and Quality Assurance |
| 942 ## - ADDED ENTRY ELEMENTS (KOHA) | |
| Source of classification or shelving scheme | Dewey Decimal Classification |
| Koha item type | Text Books |
| Withdrawn status | Lost status | Source of classification or shelving scheme | Damaged status | Not for loan | Collection code | Home library | Current library | Date acquired | Source of acquisition | Currency | Cost, normal purchase price | Bill Number | Total Checkouts | Full call number | Acc. no. / Barcode | Date last seen | Actual Cost, discounted price | Bill Date | Koha item type |
|---|---|---|---|---|---|---|---|---|---|---|---|---|---|---|---|---|---|---|---|
| Dewey Decimal Classification | B.Pharma | PIET C-LIBRARY | PIET C-LIBRARY | 17/02/2020 | Kirti Prakashan | Rupees | 250.00 | IN6450 | 543 SRF | BP1458 | 14/07/2020 | 175.00 | 17/02/2020 | Reference Books | |||||
| Dewey Decimal Classification | B.Pharma | PIET C-LIBRARY | PIET C-LIBRARY | 04/04/2025 | Zafaa Books Distributres | Rs | 250.00 | ZBDO006 | 543 SRF | BP2704 | 10/04/2025 | 187.50 | 04/04/2025 | Text Books | |||||
| Dewey Decimal Classification | B.Pharma | PIET C-LIBRARY | PIET C-LIBRARY | 04/04/2025 | Zafaa Books Distributres | Rs | 250.00 | ZBDO006 | 543 SRF | BP2705 | 10/04/2025 | 187.50 | 04/04/2025 | Text Books | |||||
| Dewey Decimal Classification | B.Pharma | PIET C-LIBRARY | PIET C-LIBRARY | 04/04/2025 | Zafaa Books Distributres | Rs | 250.00 | ZBDO006 | 543 SRF | BP2706 | 10/04/2025 | 187.50 | 04/04/2025 | Text Books |